Návrh technológie a robotizovaného zváracieho pracoviska pre zváranie rúrkového nosného rámu rehabilitačnej lavice : Diplomová práca

Salvato in:
Dettagli Bibliografici
Autore principale: Rebrová, Ľuba (Autore)
Altri autori: Fabian, Ladislav (xxx)
Natura: Manoscritto Libro
Lingua:slovacco
Pubblicazione: Trnava : SVŠT v Bratislave StF KZZS, 1992
Soggetti:
Tags: Aggiungi Tag
Nessun Tag, puoi essere il primo ad aggiungerne!!

MARC

LEADER 00000ntm a22000003a 4500
001 stu124366
005 20160719162741.4
008 060802s1992----cs------------------slo-d
040 |a STU  |b slo 
041 0 |a slo 
044 |a cs 
100 1 |a Rebrová, Ľuba  |4 aut 
245 1 |a Návrh technológie a robotizovaného zváracieho pracoviska pre zváranie rúrkového nosného rámu rehabilitačnej lavice :  |b Diplomová práca 
260 |a Trnava :  |b SVŠT v Bratislave StF KZZS,  |c 1992 
300 |a 50 s  |c príl 
650 7 |a strojárska technológia  |2 stusub 
700 1 |a Fabian, Ladislav  |4 xxx 
996 |b 284M073825  |c M*DP-3037  |l MMSKP  |s P  |a 0  |w stu124366_0001